| 000 | 01273 a2200253 4500 | ||
|---|---|---|---|
| 003 | Nust | ||
| 005 | 20220802112814.0 | ||
| 010 | _a 99019953 | ||
| 020 | _a0849378397 (alk. paper) | ||
| 040 | _cNust | ||
| 082 | 0 | 0 | _a620.001171,GRA |
| 100 | 1 |
_aGrady, Jeffrey O. _92872 |
|
| 245 | 1 | 0 |
_aSystem Engineering Deployment / _cJeffrey O. Grady. |
| 260 |
_aBoca Raton, Fla : _bCRC Press, _c1999. |
||
| 300 |
_a456 p. : _bill. ; _c24 cm.+ _e1 computer disk (3 1/2 in.) |
||
| 440 | 0 |
_aSystems engineering series _92308 |
|
| 505 | _aIntroduction (Page-1), The Human Foundation for System Engineering (Page-17), Enterprise Knowledge Requirements and the Functional Organization (Page-31), Enterprise generic Definition and Functional Allocation (Page-43), Functional Organization Charter and Relations (Page-67), Generic Practices Documentation (Page-79), Organizational Structure for Work (Page-87), Program Communications (Page-97), Product System Definition (Page-113), Interface Development in a new World (Page-147). | ||
| 650 | 0 | _aManagement. | |
| 650 | 0 |
_aOrganization. _94210 |
|
| 650 | 0 |
_aSystem analysis. _92233 |
|
| 650 | 0 | _aSystems engineering. | |
| 856 | 4 | 2 |
_3Publisher description _uhttp://www.loc.gov/catdir/enhancements/fy0646/99019953-d.html |
| 942 |
_cREF _2ddc |
||
| 999 |
_c175449 _d175449 |
||